| 000 | 00558nam a22001695i 4500 | ||
|---|---|---|---|
| 001 | 152106 | ||
| 003 | ES-MaACL | ||
| 005 | 20240301062536.0 | ||
| 008 | 940301s1889 sp |||| | spa d | ||
| 040 |
_aAS _bspa |
||
| 110 | 2 |
_aBiblioteca Nacional (España) _92188 |
|
| 245 | 1 | 0 | _aCatálogo de los manuscritos árabes existentes en la Biblioteca Nacional de Madrid. |
| 260 |
_aMadrid : _b[s.n.], _c1889 ( _fImprenta y fundición de Manuel Tello) |
||
| 300 |
_aX, 334 p. ; _c28 cm. |
||
| 852 |
_aES-MaACL _jB-3867 _z-- Enc. pasta |
||
| 999 |
_c152106 _d152106 |
||